Башни Московского Кремля - Statistics

General Stats
  • This quiz has been taken 4 times
  • The average score is 5 of 20
Answer Stats
По часовой стрелке % Correct
Боровицкая
67%
Троицкая
67%
Кутафья
67%
Никольская
67%
Спасская
67%
Водовзводная
33%
Константино-Еленинская
33%
Беклемишевская
33%
Петровская
33%
Благовещенская
33%
Оружейная
0%
Комендантская
0%
Средняя Арсенальная
0%
Угловая Арсенальная
0%
Сенатская
0%
Царская
0%
Набатная
0%
Вторая Безымянная
0%
Первая Безымянная
0%
Тайницкая
0%
No matching quizzes found
Score Distribution
Percent of People with Each Score
Percentile by Number Answered
Your Score History
You have not taken this quiz